00962nam a2200289Ia 450000500170000000800410001702000180005810000260007624500630010225000180016530000250018349000200020850000420022853400150027058600370028565000420032265000460036465000350041065000430044570000170048826400330050533600270053833700330056533800280059804000350062608400110066120220317001507.0161108s2006 ck g 000 f s  a97895889401131 aBellow, Saúld1915-10aRavelsteincSaul Bellow ; traducción de Roser Berdagué a1a. edición a255 páginasc19 cm aContemporánea aIncluye datos biográficos del autor tRavelstein aPremio Nobel de Literatura, 1976142LEMBaNovela estadounidenseySiglo XX142LEMBaLiteratura estadounidenseySiglo XX142LEMBaAmistad en la literatura142LEMBaIntrospección en la literatura1 aFibla, Jordi aBogotábDebolsilloc[2006] atextobtxt2rdacontent asin mediaciónbn2rdamedia avolumenbnc2rdacarrier aCO-BoRNBPbspaerdacCO-BoRNBP aN BEL4